000 02655cam a22004697i 4500
999 _c1902
_d1902
001 17703020
003 GZU
005 20201023100635.0
008 130418s2014 caua b 001 0 eng d
010 _a 2013938304
015 _aGBB393394
_2bnb
016 7 _a016516370
_2Uk
020 _a9781848607002 (hbk.)
020 _a1848607008 (hbk.)
020 _a1848607016 (pbk.)
020 _a9781848607019 (pbk.)
020 _z9781446296257 (PDF ebook)
035 _a(OCoLC)ocn869777587
040 _aUKMGB
_beng
_cUKMGB
_dNHA
_dYBM
_dOCLCF
_dDLC
042 _alccopycat
050 0 0 _aHV6080
_b.G36 2014
082 0 4 _a364.3019
_223
100 1 _aGavin, Helen,
_eauthor.
245 1 0 _aCriminological and forensic psychology /
_cHelen Gavin.
264 1 _aLos Angeles :
_bSAGE,
_c2014.
300 _axi, 409 pages :
_billustrations ;
_c24 cm
336 _atext
_2rdacontent
337 _aunmediated
_2rdamedia
338 _avolume
_2rdacarrier
504 _aIncludes bibliographical references (pages 367-400) and index.
505 0 _aPart 1: Defining criminological and forensic psychology: Defining Forensic Psychology -- Research Methods in Forensic Psychology -- Part 2: Psychological explanations of crime: Theoretical Explanations of Crime -- Who Commits Crime? The Criminal Mind -- Juvenile Criminals -- Part 3: Psychological explanations of specific crime types: The Psychology of Homicide -- The Psychology of Terrorism -- Crimes of a Sexual Nature -- The Psychology of Firesetting -- The Psychology of Theft, Robbery and Burglary -- The Psychology of Economic Crime -- Part 4: Psychology in detection and investigation: Psychology in the Investigation of Crime -- Psychology in the Police Station 1: Victims and Witnesses -- Psychology in the Police Station 2: Investigative Interviews and the Psychology of False Confession -- Part 5: Psychology in the court room -- Psychology in Court 1 -- Psychology in Court 2 - The Defendant's Mind -- Psychology in Court 3 - The Jury -- Part 6: Psychology in prison: Imprisonment and Mental Disorder -- Long Term and Life Imprisonment.
530 _aAlso issued online.
650 0 _aCriminal psychology
_vTextbooks.
650 0 _aForensic psychology
_vTextbooks.
650 7 _aCriminal psychology.
_2fast
_0(OCoLC)fst00883467
650 7 _aForensic psychology.
_2fast
_0(OCoLC)fst00932009
655 7 _aTextbooks.
_2fast
_0(OCoLC)fst01423863
906 _a7
_bcbc
_ccopycat
_d2
_encip
_f20
_gy-gencatlg
942 _2lcc
_cBK
_h6080
_iGAV
_kHV
_m2014